000
00313nam a2200121Ia 4500
008
250110s9999 xx 000 0 und d
041
_a
eng
100
_a
Angal Manasee
245
_a
Institiute Of Design
260
_b
Final Year B. Arch, BNCA
_c
2014
300
_a
136p
700
_a
Guide Name:karve sujata
_9
210216
999
_c
363408
_d
363408